RICS response to PPG 23 (Record no. 71422)

MARC details
000 -LEADER
fixed length control field 01157cam a2200229 4500
001 - CONTROL NUMBER
control field WB3839-21
008 - FIXED-LENGTH DATA ELEMENTS--GENERAL INFORMATION
fixed length control field 021024n2002 000 0 eng u
035 ## - SYSTEM CONTROL NUMBER
System control number (Sirsi) u120226
245 ## - TITLE STATEMENT
Title RICS response to PPG 23
260 ## - PUBLICATION, DISTRIBUTION, ETC.
Date of publication, distribution, etc. 2002
490 ## - SERIES STATEMENT
Series statement RICS Environment Faculty News
Volume/sequential designation 22 October 2002, (1)
520 ## - SUMMARY, ETC.
Summary, etc. RICS submits response to PPG 23 which deals with planning issues of pollution control, air pollution and climate change. The guidance note includes information relating to areas such as; air or water quality consideration and land use, the planning system and pollution and the controls under pollution control regimes. For RICS Policy response://www.rics.org/ricscms/bin/show?class=Policy&template=/includes/showpolicy.html&id=710 For RICS Environment Faculty News: http://www.rics.org/ricscms/bin/show?class=News&template=/includes/shownews.html&id=4014
590 ## - LOCAL NOTE (RLIN)
Local note WB
650 ## - SUBJECT ADDED ENTRY--TOPICAL TERM
Topical term or geographic name entry element PPG23
650 ## - SUBJECT ADDED ENTRY--TOPICAL TERM
Topical term or geographic name entry element POLLUTION CONTROL
650 ## - SUBJECT ADDED ENTRY--TOPICAL TERM
Topical term or geographic name entry element CLIMATE CHANGE
650 ## - SUBJECT ADDED ENTRY--TOPICAL TERM
Topical term or geographic name entry element AIR POLLUTION
650 ## - SUBJECT ADDED ENTRY--TOPICAL TERM
Topical term or geographic name entry element WATER QUALITY
650 ## - SUBJECT ADDED ENTRY--TOPICAL TERM
Topical term or geographic name entry element PLANNING CONTROL
690 ## - LOCAL SUBJECT ADDED ENTRY--TOPICAL TERM (OCLC, RLIN)
Topical term or geographic name as entry element ENVIRONMENTAL AND LAND CONSULTANCY-PLANNING AND DEVELOPMENT
942 ## - ADDED ENTRY ELEMENTS (KOHA)
Suppress in OPAC 0
Holdings
Withdrawn status Lost status Source of classification or shelving scheme Damaged status Not for loan Home library Current library Shelving location Date acquired Total Checkouts Full call number Barcode Date last seen Copy number Price effective from Koha item type
    Dewey Decimal Classification     London London News article 24/10/2002   WB3839-21 120226-1001 06/08/2019 1 06/08/2019 News article